000 00800cam a2200265ua 4500
020 _a0-07-033489-0
_c$ 56.50
041 _aeng
_h
082 _a
_b
082 _a551.49
_bKAS/GR
100 _aKashef, Abdel-Aziz Ismail .
245 _aGround water engineering /
_cAbdel-Aziz Ismail Kashef.
_hTextual Documents
260 _aNew York :
_bMcGraw Hill Book Company ,
_c1986.
300 _a572 ; .
365 _a$ 56.50
504 _a
650 _aHydrologic parameters and related equations
650 _aManagement of Groundwater
650 _aSaltwater intrusion
650 _aTwo-dimensional steady state flow
650 _aWater bearing formations and groundwater occurances
650 _aWater Wells
942 _cBK
999 _c10803
_d10803